[Event "Liga Madrileña - DH 2015-2016"]
[Site "Madrid ESP"]
[Date "2015.11.22"]
[Round "1.41"]
[White "Bolado Saez, Sergio"]
[Black "Candela Perez, Jose"]
[Result "1/2-1/2"]
[WhiteElo "2359"]
[BlackElo "2412"]
[PlyCount "71"]
[EventDate "2015.11.22"]
[EventType "team-tourn"]
[EventRounds "14"]
[EventCountry "ESP"]
[Source "lmi"]
[SourceDate "2015.11.22"]
[WhiteTeam "Blanco y Negro"]
[BlackTeam "La Casa del Ajedrez"]
[WhiteTeamCountry "ESP"]
[BlackTeamCountry "ESP"]

1. d4 d5 2. c4 c6 3. Nf3 Nf6 4. Nc3 dxc4 5. e4 b5 6. e5 Nd5 7. Ng5 e6 8. Qh5 g6
9. Qd1 Bb4 10. Nge4 Bb7 11. h4 h6 12. Bd2 Be7 13. Be2 Qb6 14. Be3 Nd7 15. a4
Nxe3 16. fxe3 a6 17. O-O c5 18. axb5 axb5 19. Rxa8+ Bxa8 20. dxc5 Nxc5 21. Qd4
Bxe4 22. Nxe4 Nd7 23. Ra1 Qxd4 24. exd4 O-O 25. Ra7 Rd8 26. h5 gxh5 27. Bxh5
Kf8 28. Rb7 b4 29. Kf2 Nb8 30. Nd6 Bxd6 31. exd6 Nc6 32. Rxf7+ Kg8 33. d7 Rf8
34. Rxf8+ Kxf8 35. Bf3 Nd8 36. Ke2 1/2-1/2

[Event "Liga Madrileña - DH 2015-2016"]
[Site "Madrid ESP"]
[Date "2015.11.22"]
[Round "1.42"]
[White "Suarez Uriel, Adrian"]
[Black "Martinez Reyes, Pedro Ramon"]
[Result "1/2-1/2"]
[WhiteElo "2278"]
[BlackElo "2338"]
[PlyCount "85"]
[EventDate "2015.11.22"]
[EventType "team-tourn"]
[EventRounds "14"]
[EventCountry "ESP"]
[Source "lmi"]
[SourceDate "2015.11.22"]
[WhiteTeam "La Casa del Ajedrez"]
[BlackTeam "Blanco y Negro"]
[WhiteTeamCountry "ESP"]
[BlackTeamCountry "ESP"]

1. e4 c5 2. Nf3 Nc6 3. d4 cxd4 4. Nxd4 g6 5. c4 Bg7 6. Be3 Qa5+ 7. Nc3 Nf6 8.
f3 O-O 9. Qd2 d6 10. Be2 Nxd4 11. Bxd4 Be6 12. Rc1 Rac8 13. b3 a6 14. O-O b5
15. cxb5 axb5 16. Rfd1 b4 17. Na4 Nd7 18. Bxg7 Kxg7 19. Qd4+ Kg8 20. f4 Nc5 21.
f5 gxf5 22. exf5 Bxf5 23. Nxc5 Rxc5 24. Rxc5 Qxc5 25. Qxc5 dxc5 26. Rd5 Bb1 27.
Rg5+ Kh8 28. Rxc5 Bxa2 29. Bc4 Kg7 30. Rb5 Kf6 31. Rxb4 Ke5 32. Rb7 e6 33. Ra7
Bb1 34. Rd7 Be4 35. Kf2 h5 36. b4 Rc8 37. Bb3 Rb8 38. Rxf7 Rxb4 39. Bd1 Rb2+
40. Ke3 Bg6 41. Rf2 Rxf2 42. Kxf2 Kd4 43. h4 1/2-1/2

[Event "Liga Madrileña - DH 2015-2016"]
[Site "Madrid ESP"]
[Date "2015.11.22"]
[Round "1.43"]
[White "Alarcia Astiz, Carlos"]
[Black "Madina Yadarola, Martin"]
[Result "1-0"]
[WhiteElo "2337"]
[BlackElo "2237"]
[PlyCount "41"]
[EventDate "2015.11.22"]
[EventType "team-tourn"]
[EventRounds "14"]
[EventCountry "ESP"]
[Source "lmi"]
[SourceDate "2015.11.22"]
[WhiteTeam "Blanco y Negro"]
[BlackTeam "La Casa del Ajedrez"]
[WhiteTeamCountry "ESP"]
[BlackTeamCountry "ESP"]

1. e4 d6 2. d4 Nf6 3. Nc3 c6 4. f4 Qa5 5. Bd3 e5 6. Nf3 exd4 7. Nxd4 g6 8. h3
Bg7 9. Nb3 Qc7 10. Be3 O-O 11. O-O Re8 12. Qf3 Nbd7 13. a4 Nf8 14. a5 d5 15. e5
N6d7 16. Qf2 a6 17. Na4 f6 18. exf6 Nxf6 19. Nb6 Rb8 20. f5 Ne4 21. Bxe4 1-0

[Event "Liga Madrileña - DH 2015-2016"]
[Site "Madrid ESP"]
[Date "2015.11.22"]
[Round "1.44"]
[White "Guadamuro Torrente, Anabel"]
[Black "Alcazar Jimenez, Jesus Alberto"]
[Result "1-0"]
[WhiteElo "2147"]
[BlackElo "2196"]
[PlyCount "77"]
[EventDate "2015.11.22"]
[EventType "team-tourn"]
[EventRounds "14"]
[EventCountry "ESP"]
[Source "lmi"]
[SourceDate "2015.11.22"]
[WhiteTeam "La Casa del Ajedrez"]
[BlackTeam "Blanco y Negro"]
[WhiteTeamCountry "ESP"]
[BlackTeamCountry "ESP"]

1. e4 c5 2. d3 e6 3. g3 Nc6 4. Bg2 g6 5. f4 Bg7 6. Nf3 d6 7. c3 Nge7 8. O-O O-O
9. Be3 b6 10. d4 Bb7 11. Re1 Rc8 12. Nbd2 cxd4 13. Nxd4 e5 14. Nxc6 Bxc6 15.
Nc4 Rc7 16. Qxd6 Bxe4 17. Qxd8 Rxd8 18. Nxe5 Bxg2 19. Kxg2 Nf5 20. Kf3 Nxe3 21.
Kxe3 Re7 22. Kf3 Rd2 23. Nc4 Rxe1 24. Rxe1 Rxh2 25. Re8+ Bf8 26. Ra8 b5 27. Ne5
Rd2 28. Ke3 Rd5 29. b4 g5 30. Rxa7 gxf4+ 31. gxf4 h5 32. Ke4 Rd1 33. Kf5 h4 34.
Kg4 Rc1 35. Kxh4 Rxc3 36. a3 Bd6 37. Nd7 Rc4 38. Nf6+ Kg7 39. Ne8+ 1-0

[Event "Liga Madrileña - DH 2015-2016"]
[Site "Madrid ESP"]
[Date "2015.11.22"]
[Round "1.45"]
[White "Shen, Yue"]
[Black "Collado Barbas, Laura"]
[Result "1-0"]
[WhiteElo "2180"]
[BlackElo "2121"]
[PlyCount "87"]
[EventDate "2015.11.22"]
[EventType "team-tourn"]
[EventRounds "14"]
[EventCountry "ESP"]
[Source "lmi"]
[SourceDate "2015.11.22"]
[WhiteTeam "Blanco y Negro"]
[BlackTeam "La Casa del Ajedrez"]
[WhiteTeamCountry "ESP"]
[BlackTeamCountry "ESP"]

1. d4 d5 2. c4 e6 3. Nf3 c6 4. g3 dxc4 5. Bg2 Bd6 6. a4 Nf6 7. Nc3 Nd5 8. e4
Nxc3 9. bxc3 b6 10. e5 Be7 11. Nd2 Bb7 12. Qg4 O-O 13. h4 Qd7 14. Ne4 f5 15.
exf6 Bxf6 16. Ba3 Be7 17. Bxe7 Qxe7 18. O-O Nd7 19. Ng5 Rae8 20. Rfe1 e5 21.
Qe4 g6 22. Bf1 Qf6 23. Bxc4+ Kg7 24. Ra2 h6 25. Nh3 exd4 26. Qxe8 Rxe8 27. Rxe8
d3 28. Bxd3 Ne5 29. Re2 Nf3+ 30. Kg2 Nxh4+ 31. gxh4 c5+ 32. Kg1 Qxc3 33. R8e7+
Kf8 34. Rxb7 Qxd3 35. Nf4 Qd1+ 36. Kg2 Qd6 37. Ne6+ Kg8 38. Rxa7 Qd5+ 39. f3 c4
40. Nf4 Qc6 41. Re6 Qc8 42. Rxg6+ Kh8 43. Rxh6+ Kg8 44. Ne6 1-0

[Event "Liga Madrileña - DH 2015-2016"]
[Site "Madrid ESP"]
[Date "2015.11.22"]
[Round "1.46"]
[White "Duran Sampedroo, David"]
[Black "Triadu Cassa, Jordi"]
[Result "1-0"]
[WhiteElo "2129"]
[BlackElo "2157"]
[PlyCount "97"]
[EventDate "2015.11.22"]
[EventType "team-tourn"]
[EventRounds "14"]
[EventCountry "ESP"]
[Source "lmi"]
[SourceDate "2015.11.22"]
[WhiteTeam "La Casa del Ajedrez"]
[BlackTeam "Blanco y Negro"]
[WhiteTeamCountry "ESP"]
[BlackTeamCountry "ESP"]

1. d4 Nf6 2. Bg5 Ne4 3. Bf4 c5 4. f3 Nf6 5. d5 d6 6. Nc3 g6 7. e4 Bg7 8. Qd2
O-O 9. O-O-O a6 10. Bh6 b5 11. Bxg7 Kxg7 12. g4 c4 13. Nce2 Nbd7 14. h4 h6 15.
g5 hxg5 16. hxg5 Nh5 17. f4 Rh8 18. Nf3 Nxf4 19. Qd4+ Ne5 20. Nxe5 dxe5 21.
Qxe5+ f6 22. Rxh8 Nxe2+ 23. Bxe2 Kxh8 24. Rh1+ Kg7 25. gxf6+ exf6 26. Qh2 Bd7
27. Qh7+ Kf8 28. Qxg6 Ke7 29. e5 Qf8 30. exf6+ Kd8 31. f7 Kc7 32. Bf3 Qd6 33.
Qxd6+ Kxd6 34. Rh6+ Ke5 35. Rxa6 Rf8 36. Bh5 Kxd5 37. Rf6 Ke5 38. Rf2 Be6 39.
Kd2 b4 40. Ke3 Bd5 41. Bg6 Be6 42. a4 bxa3 43. bxa3 Kd5 44. a4 Kc5 45. a5 Kb4
46. a6 Kc3 47. a7 Bxf7 48. Rxf7 Rb8 49. axb8=N 1-0

[Event "Liga Madrileña - DH 2015-2016"]
[Site "Madrid ESP"]
[Date "2015.11.29"]
[Round "2.11"]
[White "Candela Perez, Jose"]
[Black "Beltran de Heredia Eguiaz, Miguel Angel"]
[Result "1-0"]
[WhiteElo "2412"]
[BlackElo "2190"]
[PlyCount "69"]
[EventDate "2015.11.22"]
[EventType "team-tourn"]
[EventRounds "14"]
[EventCountry "ESP"]
[Source "lmi"]
[SourceDate "2015.11.22"]
[WhiteTeam "La Casa del Ajedrez"]
[BlackTeam "Vallecas CDV"]
[WhiteTeamCountry "ESP"]
[BlackTeamCountry "ESP"]

1. d4 Nf6 2. c4 g6 3. Nc3 Bg7 4. e4 d6 5. Nf3 O-O 6. Be3 e5 7. dxe5 dxe5 8.
Qxd8 Rxd8 9. Nd5 Nxd5 10. cxd5 c6 11. Bc4 b5 12. Bb3 Bb7 13. Rc1 Rd7 14. O-O
cxd5 15. Bxd5 Na6 16. Bxb7 Rxb7 17. Rfd1 Rab8 18. Rd6 Nc7 19. Rd7 Ne6 20. Rxb7
Rxb7 21. Rc8+ Nf8 22. Ra8 Rd7 23. Nd2 f5 24. Rxa7 f4 25. Rxd7 Nxd7 26. Ba7 g5
27. b4 Bf8 28. a3 g4 29. f3 gxf3 30. gxf3 Nf6 31. Nb1 Ne8 32. Nc3 Nd6 33. Kf2
Kf7 34. Ke2 Ke6 35. Bc5 1-0

[Event "Liga Madrileña - DH 2015-2016"]
[Site "Madrid ESP"]
[Date "2015.11.29"]
[Round "2.12"]
[White "Montanes Arribas, Adrian"]
[Black "Elguezabal Varela, Daniel"]
[Result "1/2-1/2"]
[WhiteElo "2173"]
[BlackElo "2363"]
[PlyCount "84"]
[EventDate "2015.11.22"]
[EventType "team-tourn"]
[EventRounds "14"]
[EventCountry "ESP"]
[Source "lmi"]
[SourceDate "2015.11.22"]
[WhiteTeam "Vallecas CDV"]
[BlackTeam "La Casa del Ajedrez"]
[WhiteTeamCountry "ESP"]
[BlackTeamCountry "ESP"]

1. d4 d5 2. c4 dxc4 3. e3 Nf6 4. Bxc4 e6 5. Nf3 c5 6. O-O a6 7. Bb3 Be7 8. Nc3
O-O 9. Qe2 Nc6 10. Rd1 Qc7 11. e4 cxd4 12. Nxd4 Nxd4 13. Rxd4 e5 14. Rd1 Bg4
15. f3 Be6 16. Nd5 Bxd5 17. Bxd5 Rad8 18. Be3 Nxd5 19. exd5 Qa5 20. Qd2 Bb4 21.
Qd3 Bc5 22. Bxc5 Qxc5+ 23. Kh1 Rd6 24. Rac1 Qb6 25. Qc3 f6 26. Qc7 Rfd8 27.
Qxb6 Rxb6 28. Rc2 Rbd6 29. Rcd2 Kf7 30. Kg1 Ke7 31. Kf2 Rc8 32. Ke3 Rb6 33. f4
Kd6 34. fxe5+ fxe5 35. Rf1 Rc7 36. Rf8 Rd7 37. Re8 Re7 38. Rc8 Rb5 39. Ke4 Rb4+
40. Ke3 Rc7 41. Re8 Re7 42. Rd8+ Rd7 1/2-1/2

[Event "Liga Madrileña - DH 2015-2016"]
[Site "Madrid ESP"]
[Date "2015.11.29"]
[Round "2.13"]
[White "Guadamuro Torrente, Anabel"]
[Black "Martin Garcia, Guillermo Li"]
[Result "0-1"]
[WhiteElo "2147"]
[BlackElo "2165"]
[PlyCount "148"]
[EventDate "2015.11.22"]
[EventType "team-tourn"]
[EventRounds "14"]
[EventCountry "ESP"]
[Source "lmi"]
[SourceDate "2015.11.22"]
[WhiteTeam "La Casa del Ajedrez"]
[BlackTeam "Vallecas CDV"]
[WhiteTeamCountry "ESP"]
[BlackTeamCountry "ESP"]

1. e4 e5 2. Bc4 Nf6 3. d3 Nc6 4. Nf3 Bc5 5. c3 d6 6. Bb3 a6 7. Nbd2 Ba7 8. O-O
h6 9. Nc4 Bg4 10. Be3 Nh7 11. Bxa7 Nxa7 12. Ne3 Bh5 13. Nf5 Qf6 14. Ng3 Bxf3
15. Qxf3 Qxf3 16. gxf3 Nf6 17. d4 Nc8 18. Nf5 Ne7 19. dxe5 dxe5 20. Nxg7+ Kf8
21. Nf5 Nxf5 22. exf5 Rg8+ 23. Kh1 Rg5 24. Bc2 Rd8 25. Rad1 Rd6 26. Rfe1 Nd7
27. Be4 b6 28. b4 Rh5 29. a4 Rh4 30. Rd5 Rf4 31. Red1 Ke7 32. c4 Rxd5 33. Rxd5
Nf6 34. Rd2 Nxe4 35. fxe4 Rxe4 36. Rc2 c5 37. bxc5 bxc5 38. Kg2 a5 39. Kg3 Kf6
40. Rc3 Kxf5 41. Rf3+ Rf4 42. Rc3 Ke4 43. Rb3 Kd4 44. Rb5 Kxc4 45. Rxa5 Rf6 46.
Ra7 Kb4 47. a5 c4 48. Rc7 Kb5 49. a6 Rxa6 50. Kf3 Rc6 51. Rb7+ Kc5 52. Rxf7 c3
53. Ke2 Kd5 54. Rd7+ Ke4 55. f3+ Kf5 56. Rd1 c2 57. Rc1 Kf4 58. Kf2 Rc3 59. Ke2
h5 60. Kd2 Rc7 61. Ke2 Kf5 62. Kd3 Kf4 63. Ke2 h4 64. Kf2 h3 65. Ke2 Rc3 66.
Kd2 Rxf3 67. Ke2 Rc3 68. Kd2 Rc7 69. Rf1+ Ke4 70. Re1+ Kd5 71. Kc1 e4 72. Rg1
Rf7 73. Rg3 Rf3 74. Rg8 Rf2 0-1

[Event "Liga Madrileña - DH 2015-2016"]
[Site "Madrid ESP"]
[Date "2015.11.29"]
[Round "2.14"]
[White "Montoya Pecurul, Marc"]
[Black "Collado Barbas, Laura"]
[Result "1-0"]
[WhiteElo "2123"]
[BlackElo "2121"]
[PlyCount "125"]
[EventDate "2015.11.22"]
[EventType "team-tourn"]
[EventRounds "14"]
[EventCountry "ESP"]
[Source "lmi"]
[SourceDate "2015.11.22"]
[WhiteTeam "Vallecas CDV"]
[BlackTeam "La Casa del Ajedrez"]
[WhiteTeamCountry "ESP"]
[BlackTeamCountry "ESP"]

1. e4 e6 2. d4 d5 3. Nc3 Bb4 4. a3 Bxc3+ 5. bxc3 dxe4 6. Qg4 Nf6 7. Qxg7 Rg8 8.
Qh6 Rg6 9. Qe3 Bd7 10. Ne2 Bc6 11. c4 a6 12. Nf4 Ng4 13. Qc3 Rg8 14. Bb2 Qf6
15. Qd2 Qh4 16. g3 Qh6 17. Bg2 e3 18. fxe3 Bxg2 19. Nxg2 Nc6 20. O-O-O O-O-O
21. Qe2 Ne7 22. h3 Nf6 23. Qf3 Qg5 24. g4 h5 25. d5 e5 26. Rhf1 Nd7 27. Qxf7
hxg4 28. hxg4 Rdf8 29. Qe6 Re8 30. d6 Nc6 31. Qd5 Qxg4 32. dxc7 Rg7 33. Rd2 Nb6
34. Qc5 Qxc4 35. Rd8+ Nxd8 36. cxd8=Q+ Kxd8 37. Rd1+ Rd7 38. Qxb6+ Qc7 39.
Rxd7+ Kxd7 40. Qg6 Qc4 41. Qf5+ Qe6 42. e4 Qxf5 43. exf5 Rf8 44. Ne3 Kd6 45.
Kd2 b5 46. Kd3 Rh8 47. Ng4 Rh3+ 48. Ke4 Rh1 49. Bxe5+ Ke7 50. Bc3 Rh3 51. Bb4+
Ke8 52. f6 a5 53. Bxa5 Rxa3 54. Bb4 Ra4 55. c3 Ra6 56. Kf5 Ra1 57. Ne5 Rf1+ 58.
Ke6 Rf4 59. Bc5 b4 60. cxb4 Rf1 61. b5 Rf4 62. Be3 Rf1 63. f7+ 1-0

[Event "Liga Madrileña - DH 2015-2016"]
[Site "Madrid ESP"]
[Date "2015.11.29"]
[Round "2.15"]
[White "Unciti Juan, Javier"]
[Black "Ambrona Castellanos, Miguel"]
[Result "0-1"]
[WhiteElo "2050"]
[BlackElo "2055"]
[PlyCount "97"]
[EventDate "2015.11.22"]
[EventType "team-tourn"]
[EventRounds "14"]
[EventCountry "ESP"]
[Source "lmi"]
[SourceDate "2015.11.22"]
[WhiteTeam "La Casa del Ajedrez"]
[BlackTeam "Vallecas CDV"]
[WhiteTeamCountry "ESP"]
[BlackTeamCountry "ESP"]

1. d4 Nf6 2. Bg5 d5 3. Bxf6 exf6 4. e3 Bd6 5. c4 dxc4 6. Bxc4 O-O 7. Qh5 Nc6 8.
Nc3 g6 9. Qf3 Be6 10. Bxe6 fxe6 11. h4 Nb4 12. O-O-O c6 13. Qe4 Qe7 14. f4 f5
15. Qb1 Nd5 16. Qd3 Nxc3 17. bxc3 h5 18. Nf3 Kg7 19. Kd2 Qd7 20. Ke2 Be7 21.
Kf2 Bf6 22. Ne5 Qe7 23. g3 Bxe5 24. dxe5 Rfd8 25. Qb1 b6 26. Qb3 Kf7 27. Qc4 c5
28. e4 Rxd1 29. Rxd1 Rd8 30. Rxd8 Qxd8 31. exf5 Qd2+ 32. Kf3 gxf5 33. a4 Ke7
34. Qb3 Qd5+ 35. Qxd5 exd5 36. Ke3 a6 37. Kd3 b5 38. axb5 axb5 39. Kc2 Ke6 40.
Kd3 Kd7 41. Kc2 Kc6 42. Kd3 b4 43. cxb4 cxb4 44. Kd4 Kb6 45. Kd3 Kc5 46. g4
fxg4 47. f5 Kc6 48. f6 Kd7 49. Kd4 0-1

[Event "Liga Madrileña - DH 2015-2016"]
[Site "Madrid ESP"]
[Date "2015.11.29"]
[Round "2.16"]
[White "Morona Minguez, Irene"]
[Black "Lopez Aldana, Hovari Raul"]
[Result "0-1"]
[WhiteElo "2000"]
[BlackElo "1963"]
[PlyCount "122"]
[EventDate "2015.11.22"]
[EventType "team-tourn"]
[EventRounds "14"]
[EventCountry "ESP"]
[Source "lmi"]
[SourceDate "2015.11.22"]
[WhiteTeam "Vallecas CDV"]
[BlackTeam "La Casa del Ajedrez"]
[WhiteTeamCountry "ESP"]
[BlackTeamCountry "ESP"]

1. e4 e5 2. Nf3 Nc6 3. Bb5 a6 4. Ba4 Nf6 5. O-O Be7 6. Re1 b5 7. Bb3 d6 8. c3
O-O 9. d4 Bg4 10. Be3 exd4 11. cxd4 Na5 12. Bc2 c5 13. Nbd2 cxd4 14. Bxd4 Nc6
15. Be3 d5 16. exd5 Nb4 17. Bb3 Nd3 18. Rf1 Nxd5 19. Ne4 Nxe3 20. fxe3 Bf5 21.
Ng3 Bg6 22. Qe2 Bc5 23. Rfd1 Re8 24. Nf1 Nf4 25. Qf2 Qb6 26. Nd4 Ne6 27. Ng3
Nxd4 28. exd4 Be7 29. Rac1 Rac8 30. Rxc8 Rxc8 31. Rf1 Bf6 32. Rd1 Rd8 33. d5
Qxf2+ 34. Kxf2 Bxb2 35. Ne2 Kf8 36. Nf4 Bf5 37. Nd3 Ba3 38. Ne5 Bc5+ 39. Kf1
Bd6 40. Nc6 Re8 41. h3 h5 42. Rd2 Bg3 43. Rd1 Re3 44. Kg1 Be4 45. Nd4 Ke7 46.
Rc1 Kd6 47. Rf1 Re1 48. Rxe1 Bxe1 49. Kf1 Bc3 50. Ne2 Be5 51. g4 hxg4 52. hxg4
a5 53. a4 bxa4 54. Bxa4 Bxd5 55. Kf2 Kc5 56. Nc1 Bc4 57. Ke3 Kb4 58. Be8 Kc3
59. Ne2+ Kb2 60. Nd4 Bxd4+ 61. Kxd4 Bb3 0-1

[Event "Liga Madrileña - DH 2015-2016"]
[Site "Madrid ESP"]
[Date "2015.11.29"]
[Round "2.21"]
[White "Aranda Marin, Cristian"]
[Black "Taboas Rodriguez, Daniel"]
[Result "1/2-1/2"]
[WhiteElo "2352"]
[BlackElo "2394"]
[PlyCount "112"]
[EventDate "2015.11.22"]
[EventType "team-tourn"]
[EventRounds "14"]
[EventCountry "ESP"]
[Source "lmi"]
[SourceDate "2015.11.22"]
[WhiteTeam "San Fernando de Henares"]
[BlackTeam "Blanco y Negro"]
[WhiteTeamCountry "ESP"]
[BlackTeamCountry "ESP"]

1. e4 e6 2. d4 d5 3. exd5 exd5 4. c4 Nf6 5. Nc3 Be7 6. cxd5 Nxd5 7. Nf3 O-O 8.
Bd3 Nc6 9. O-O Be6 10. a3 Qd7 11. Qc2 h6 12. Re1 Rad8 13. Bb5 a6 14. Ne5 Nxd4
15. Qd3 Qd6 16. Qxd4 Nxc3 17. Qxc3 axb5 18. Bf4 Bf6 19. Qg3 Qd4 20. h4 c6 21.
Re2 Rd5 22. Rae1 Kh7 23. Nf3 Qd3 24. Be5 Bxe5 25. Rxe5 Rxe5 26. Qxe5 Rd8 27.
Re3 Qb1+ 28. Kh2 Rd1 29. Ne1 Qf5 30. Qxf5+ Bxf5 31. Re7 Rd7 32. Rxd7 Bxd7 33.
Nd3 g5 34. Kg3 Bf5 35. Nc5 b6 36. Nb7 Kg6 37. hxg5 hxg5 38. f4 Be6 39. Nd6 f6
40. Kf3 Bd5+ 41. Kg3 gxf4+ 42. Kxf4 Bxg2 43. Nc8 Kf7 44. Nxb6 Ke6 45. a4 bxa4
46. Nxa4 f5 47. Nc5+ Kd5 48. Nd3 Be4 49. Ne5 c5 50. Nd7 Kd4 51. Ne5 Bb1 52. Nd7
Kc4 53. Ne5+ Kb3 54. Nd7 Kb4 55. Ne5 Be4 56. Nd7 Bb7 1/2-1/2

[Event "Liga Madrileña - DH 2015-2016"]
[Site "Madrid ESP"]
[Date "2015.11.29"]
[Round "2.22"]
[White "Bolado Saez, Sergio"]
[Black "Jimenez Lopez, Antonio"]
[Result "1-0"]
[WhiteElo "2359"]
[BlackElo "2142"]
[PlyCount "77"]
[EventDate "2015.11.22"]
[EventType "team-tourn"]
[EventRounds "14"]
[EventCountry "ESP"]
[Source "lmi"]
[SourceDate "2015.11.22"]
[WhiteTeam "Blanco y Negro"]
[BlackTeam "San Fernando de Henares"]
[WhiteTeamCountry "ESP"]
[BlackTeamCountry "ESP"]

1. d4 Nf6 2. c4 g6 3. f3 Bg7 4. e4 d6 5. Be3 O-O 6. Ne2 Na6 7. Qd2 c5 8. d5 Bd7
9. Nec3 Nc7 10. a4 Rb8 11. Na3 a6 12. Be2 Nfe8 13. O-O e5 14. Rab1 a5 15. Nc2
b6 16. Kh1 f5 17. exf5 gxf5 18. f4 e4 19. Rg1 Nf6 20. h3 Qe8 21. b3 Kh8 22. g3
Rg8 23. Rg2 Qf7 24. Rbg1 Rbf8 25. Nd1 Ncxd5 26. cxd5 Nxd5 27. Bc4 Be6 28. Bf2
Rd8 29. g4 fxg4 30. Bh4 Rd7 31. f5 Qxf5 32. hxg4 Qf3 33. Rf1 Qh3+ 34. Rh2 Qxg4
35. Bxd5 Bd4 36. Nxd4 Bxd5 37. Ne3 Rf7 38. Ndf5 Rxf5 39. Nxf5 1-0

[Event "Liga Madrileña - DH 2015-2016"]
[Site "Madrid ESP"]
[Date "2015.11.29"]
[Round "2.23"]
[White "Garrido Olivares, Ricard"]
[Black "Martinez Reyes, Pedro Ramon"]
[Result "0-1"]
[WhiteElo "2155"]
[BlackElo "2338"]
[PlyCount "120"]
[EventDate "2015.11.22"]
[EventType "team-tourn"]
[EventRounds "14"]
[EventCountry "ESP"]
[Source "lmi"]
[SourceDate "2015.11.22"]
[WhiteTeam "San Fernando de Henares"]
[BlackTeam "Blanco y Negro"]
[WhiteTeamCountry "ESP"]
[BlackTeamCountry "ESP"]

1. c4 Nc6 2. g3 e5 3. Bg2 Nf6 4. Nc3 Bb4 5. Nd5 Bc5 6. Nf3 h6 7. d3 d6 8. O-O
O-O 9. e3 a6 10. b3 Ba7 11. Bb2 Re8 12. d4 exd4 13. Nxd4 Nxd4 14. Bxd4 Bxd4 15.
Qxd4 Nd7 16. h3 a5 17. a3 Nc5 18. Rab1 Bf5 19. Rb2 c6 20. Nc3 Qe7 21. Rd1 Red8
22. e4 Be6 23. b4 axb4 24. axb4 Na6 25. b5 Nc5 26. bxc6 bxc6 27. Rb6 Qc7 28.
Rdb1 f6 29. Nd1 Ra4 30. Ne3 Ra6 31. Rxa6 Nxa6 32. Qb6 Rb8 33. Qxa6 Rxb1+ 34.
Kh2 Rb6 35. Qa4 Rb2 36. f4 Qb6 37. Qa8+ Kh7 38. Qe8 Qxe3 39. Qxe6 Qc5 40. e5
dxe5 41. Qf5+ Kg8 42. Qe6+ Kf8 43. fxe5 Qxe5 44. Qxc6 f5 45. Qa8+ Ke7 46. Qa3+
Kf6 47. c5 Qe2 48. Qa8 Qe4 49. Qa6+ Kg5 50. Qf1 f4 51. Kh1 Qb1 52. gxf4+ Kf5
53. Qxb1+ Rxb1+ 54. Kh2 Kxf4 55. c6 g5 56. Bd5 Rb2+ 57. Kg1 Kg3 58. Kf1 Rc2 59.
Ke1 Kxh3 60. Kd1 Rc5 0-1

[Event "Liga Madrileña - DH 2015-2016"]
[Site "Madrid ESP"]
[Date "2015.11.29"]
[Round "2.24"]
[White "Renteria Becerra, Jorge Elicer"]
[Black "Del Valle Cirera, Adria"]
[Result "1-0"]
[WhiteElo "2244"]
[BlackElo "2107"]
[PlyCount "67"]
[EventDate "2015.11.22"]
[EventType "team-tourn"]
[EventRounds "14"]
[EventCountry "ESP"]
[Source "lmi"]
[SourceDate "2015.11.22"]
[WhiteTeam "Blanco y Negro"]
[BlackTeam "San Fernando de Henares"]
[WhiteTeamCountry "ESP"]
[BlackTeamCountry "ESP"]

1. e4 c5 2. Nf3 e6 3. d4 cxd4 4. Nxd4 Nc6 5. Nc3 Qc7 6. Be3 a6 7. Qd2 Nf6 8.
O-O-O Be7 9. f3 b5 10. g4 Nxd4 11. Bxd4 Bb7 12. g5 Nh5 13. Kb1 O-O 14. Be3 d5
15. exd5 b4 16. Na4 Bxd5 17. Nb6 Bxf3 18. Nxa8 Rxa8 19. Bg2 Rd8 20. Bxf3 Rxd2
21. Rxd2 g6 22. Rhd1 Nf4 23. h4 Bc5 24. Rd8+ Kg7 25. R8d7 Qe5 26. Bc1 Ne2 27.
Bxe2 Qxe2 28. b3 e5 29. Bb2 h6 30. R7d5 Bd4 31. R1xd4 exd4 32. Bxd4+ f6 33.
gxf6+ Kf8 34. Rd8+ 1-0

[Event "Liga Madrileña - DH 2015-2016"]
[Site "Madrid ESP"]
[Date "2015.11.29"]
[Round "2.25"]
[White "Nunez Miranda, Adrian"]
[Black "Rivas Vila, David"]
[Result "0-1"]
[WhiteElo "2085"]
[BlackElo "2190"]
[PlyCount "122"]
[EventDate "2015.11.22"]
[EventType "team-tourn"]
[EventRounds "14"]
[EventCountry "ESP"]
[Source "lmi"]
[SourceDate "2015.11.22"]
[WhiteTeam "San Fernando de Henares"]
[BlackTeam "Blanco y Negro"]
[WhiteTeamCountry "ESP"]
[BlackTeamCountry "ESP"]

1. e4 c5 2. Nf3 Nc6 3. Bb5 g6 4. O-O Bg7 5. c3 Nf6 6. Re1 O-O 7. d4 cxd4 8.
cxd4 d6 9. d5 Nb8 10. Nc3 Bg4 11. h3 Bxf3 12. Qxf3 Nbd7 13. Be3 Qa5 14. Qd1
Rfc8 15. Bd4 Rxc3 16. bxc3 Qxb5 17. Rb1 Qa6 18. Qb3 b6 19. f4 Nh5 20. e5 Nxf4
21. e6 fxe6 22. dxe6 Ne5 23. Qc2 Rf8 24. Kh2 Qc4 25. Re3 Nxe6 26. Qb3 Nxd4 27.
cxd4 Qxb3 28. Rbxb3 Nc6 29. d5 Be5+ 30. g3 Nd4 31. Ra3 Nc2 32. Rxe5 dxe5 33.
Rxa7 Rd8 34. Rxe7 Rxd5 35. Kg2 Nd4 36. g4 Ra5 37. a4 Rxa4 38. Rxe5 Ra3 39. Rd5
Rd3 40. Rd8+ Kg7 41. Rd7+ Kf6 42. Rxh7 b5 43. h4 b4 44. Rb7 b3 45. Rb6+ Ke5 46.
h5 gxh5 47. gxh5 Rd2+ 48. Kh3 b2 49. h6 Ne6 50. Kg4 Nf8 51. Rb8 Kd4 52. Kg5 Rf2
53. Kg4 Kc3 54. Kh3 Rf6 55. Rc8+ Kd2 56. Rd8+ Kc1 57. Rc8+ Kb1 58. Kg2 Nh7 59.
Rc7 Rxh6 60. Kf3 Ra6 61. Rxh7 Ka1 0-1

[Event "Liga Madrileña - DH 2015-2016"]
[Site "Madrid ESP"]
[Date "2015.11.29"]
[Round "2.26"]
[White "Iagar, Razvan Gabriel"]
[Black "De la Orden Alcocer, Alejandro"]
[Result "1/2-1/2"]
[WhiteElo "2150"]
[BlackElo "2024"]
[PlyCount "41"]
[EventDate "2015.11.22"]
[EventType "team-tourn"]
[EventRounds "14"]
[EventCountry "ESP"]
[Source "lmi"]
[SourceDate "2015.11.22"]
[WhiteTeam "Blanco y Negro"]
[BlackTeam "San Fernando de Henares"]
[WhiteTeamCountry "ESP"]
[BlackTeamCountry "ESP"]

1. d4 Nf6 2. c4 g6 3. Nc3 d5 4. Nf3 Bg7 5. e3 O-O 6. cxd5 Nxd5 7. Bc4 Nb6 8.
Bb3 c5 9. O-O cxd4 10. Nxd4 e5 11. Ndb5 Nc6 12. Qe2 Qh4 13. Nd6 Na5 14. Nxc8
Nxb3 15. Nxb6 axb6 16. Rb1 Nxc1 17. Rbxc1 e4 18. g3 Qe7 19. Qc4 Rfc8 20. Qb3
Bxc3 21. Rxc3 1/2-1/2

[Event "Liga Madrileña - DH 2015-2016"]
[Site "Madrid ESP"]
[Date "2015.11.29"]
[Round "2.31"]
[White "Anton Guijarro, David"]
[Black "Vazquez Igarza, Renier"]
[Result "1/2-1/2"]
[WhiteElo "2630"]
[BlackElo "2585"]
[PlyCount "74"]
[EventDate "2015.11.22"]
[EventType "team-tourn"]
[EventRounds "14"]
[EventCountry "ESP"]
[Source "lmi"]
[SourceDate "2015.11.22"]
[WhiteTeam "Virgen de Atocha"]
[BlackTeam "Collado Villalba"]
[WhiteTeamCountry "ESP"]
[BlackTeamCountry "ESP"]

1. d4 Nf6 2. c4 e6 3. Nf3 b6 4. g3 Ba6 5. b3 Bb4+ 6. Bd2 Be7 7. Nc3 d5 8. cxd5
exd5 9. Bg2 O-O 10. O-O Bb7 11. Bc1 Re8 12. Ne5 h6 13. Bb2 Nbd7 14. Rc1 a6 15.
e3 Bd6 16. f4 b5 17. g4 b4 18. Ne2 Ne4 19. Ng3 Nxg3 20. hxg3 Qe7 21. Re1 Nf6
22. Bf3 Ne4 23. Kg2 f6 24. Bxe4 dxe4 25. Nc6 Qf7 26. Na5 Bc8 27. Rh1 Rb8 28. f5
Bd7 29. Qd2 Qd5 30. Nc4 Bf8 31. Qc2 Bb5 32. Ba1 a5 33. Bb2 Ra8 34. Qf2 a4 35.
Rc2 Ra6 36. Rhc1 a3 37. Ba1 Rc6 1/2-1/2